00969cam a22001217a 4500008004000000082001800040245005600058260003700114300000600151500064900157650002200806700001900828180718b1967 xxu||||| |||| 00| 0 eng d aP4121x54 G872 aLinguistic survey of Indiacedited by G.A. Grierson aDelhibMotilal Banarsidassc1967 av aContents: I. pt. 1. Introductory, by G.A. Grierson. 1927.pt. 2. Comparative vocabulary, by G. A. Grierson. 1928;II. Mon Khmer and Siamese-Chinese families (including Khassi and Tai). Comp. and ed. by G.A. Grierson. 1904;III. Tibeto-Burman family, comp. and ed. by G.A. Grierson: pt. I. (1909) General introduction. Specimens of the Tibetan dialects, the Himalayan dialects and the North Assam group. pt. II (1903) Specimens of the Bodo, Naga, and Kachin groups. [The Kachin section was prepared by Dr. Sten Konow] pt. III. Specimens of the Kuki-Chin and Burma groups. 1904;IV. Munda and Dravidian languages. Comp. and ed. by G.A. Grierson. 1906 aIndia --Languages aGreirson, G.A.